Practice and procedure of the Inter-American Court of Human Rights / (Record no. 450)
[ view plain ]
| 000 -LEADER | |
|---|---|
| fixed length control field | 01863cam a2200421 a 4500 |
| 005 - DATE AND TIME OF LATEST TRANSACTION | |
| control field | 2015112002232.0 |
| 008 - FIXED-LENGTH DATA ELEMENTS--GENERAL INFORMATION | |
| fixed length control field | 040220s2003 enkk b 001 0 eng d |
| 010 ## - LIBRARY OF CONGRESS CONTROL NUMBER | |
| LC control number | 2004269734 |
| 015 ## - NATIONAL BIBLIOGRAPHY NUMBER | |
| National bibliography number | GBA3-X7562 |
| 020 ## - INTERNATIONAL STANDARD BOOK NUMBER | |
| Cancelled/invalid ISBN | 0521825954 (hardback) |
| 020 ## - INTERNATIONAL STANDARD BOOK NUMBER | |
| Cancelled/invalid ISBN | 052153335X (pbk.) |
| 020 ## - INTERNATIONAL STANDARD BOOK NUMBER | |
| International Standard Book Number | 9780521825955 |
| 020 ## - INTERNATIONAL STANDARD BOOK NUMBER | |
| International Standard Book Number | 0521825954 |
| 035 ## - SYSTEM CONTROL NUMBER | |
| System control number | (OCoLC)52058013 |
| Canceled/invalid control number | (OCoLC)52963767 |
| 037 ## - SOURCE OF ACQUISITION | |
| Source of stock number/acquisition | Pitt Bldg., Trumpington Street, Cambridge CB2 1RP, UK |
| 040 ## - CATALOGING SOURCE | |
| Transcribing agency | TZ-ArACH |
| 041 ## - LANGUAGE CODE | |
| Language code of text/sound track or separate title | eng |
| 043 ## - GEOGRAPHIC AREA CODE | |
| Geographic area code | n------ |
| -- | s------ |
| 050 00 - LIBRARY OF CONGRESS CALL NUMBER | |
| Classification number | KDZ579 .I58 |
| Item number | .P37 |
| 100 1# - MAIN ENTRY--PERSONAL NAME | |
| Personal name | Pasqualucci, Jo M. |
| 9 (RLIN) | 160 |
| 245 14 - TITLE STATEMENT | |
| Title | Practice and procedure of the Inter-American Court of Human Rights / |
| Statement of responsibility, etc | Jo M. Pasqualucci. |
| 260 ## - PUBLICATION, DISTRIBUTION, ETC. (IMPRINT) | |
| Place of publication, distribution, etc | Cambridge, UK ; |
| -- | New York, NY : |
| Name of publisher, distributor, etc | Cambridge University Press, |
| Date of publication, distribution, etc | 2003. |
| 300 ## - PHYSICAL DESCRIPTION | |
| Extent | xlvii, 488 p. : |
| Other physical details | form ; |
| Dimensions | 24 cm. |
| 504 ## - BIBLIOGRAPHY, ETC. NOTE | |
| Bibliography, etc | Includes bibliographical references (p. 458-469) and index. |
| 610 20 - SUBJECT ADDED ENTRY--CORPORATE NAME | |
| Corporate name or jurisdiction name as entry element | Inter-American Court of Human Rights |
| General subdivision | Rules and practice. |
| 9 (RLIN) | 161 |
| 610 26 - SUBJECT ADDED ENTRY--CORPORATE NAME | |
| Corporate name or jurisdiction name as entry element | Inter-American Court of Human Rights. |
| 9 (RLIN) | 162 |
| 650 #0 - SUBJECT ADDED ENTRY--TOPICAL TERM | |
| Topical term or geographic name as entry element | International courts |
| General subdivision | Rules and practice. |
| 9 (RLIN) | 163 |
| 650 #0 - SUBJECT ADDED ENTRY--TOPICAL TERM | |
| Topical term or geographic name as entry element | Human rights |
| Geographic subdivision | America. |
| 9 (RLIN) | 164 |
| 650 17 - SUBJECT ADDED ENTRY--TOPICAL TERM | |
| Topical term or geographic name as entry element | Inter-American Court of Human Rights. |
| Source of heading or term | gtt |
| 9 (RLIN) | 165 |
| 650 17 - SUBJECT ADDED ENTRY--TOPICAL TERM | |
| 9 (RLIN) | 166 |
| 650 17 - SUBJECT ADDED ENTRY--TOPICAL TERM | |
| 9 (RLIN) | 167 |
| 650 #6 - SUBJECT ADDED ENTRY--TOPICAL TERM | |
| Topical term or geographic name as entry element | Droits de l'homme (Droit international) |
| 9 (RLIN) | 168 |
| 856 42 - ELECTRONIC LOCATION AND ACCESS | |
| Materials specified | Publisher description |
| Uniform Resource Identifier | <a href="http://www.loc.gov/catdir/description/cam041/2004269734.html">http://www.loc.gov/catdir/description/cam041/2004269734.html</a> |
| 856 41 - ELECTRONIC LOCATION AND ACCESS | |
| Materials specified | Table of contents |
| Uniform Resource Identifier | <a href="http://www.loc.gov/catdir/toc/cam041/2004269734.html">http://www.loc.gov/catdir/toc/cam041/2004269734.html</a> |
| 942 ## - ADDED ENTRY ELEMENTS (KOHA) | |
| Source of classification or shelving scheme | Library of Congress Classification |
| Koha item type | Books |
| Home library | Current library | Shelving location | Date acquired | Full call number | Barcode | Koha item type | Public note |
|---|---|---|---|---|---|---|---|
| African Court on Human and Peoples' Rights Library | African Court on Human and Peoples' Rights Library | 15/12/2010 | KDZ579 .I58 .P37 | 10010521 | Books | Located at the Librarian's office | |
| African Court on Human and Peoples' Rights Library | African Court on Human and Peoples' Rights Library | 09/03/2012 | KDZ579 .I58 P37 | 10016554 | Books |
